000 00496nam a2200169 i 4500
001 30317
003 ES-MaACL
005 20230909063109.0
007 t|
008 030124s1916 sp ||||1| spa d
100 1 _aBarras de Aragón, Francisco de las,
_d1869-1955
_925859
245 1 0 _aHistoria natural /
_cpor Francisco de las Barras de Aragón.
260 _a[Madrid] :
_bLa Lectura,
_c1916.
300 _a250 p. ;
_c18 cm.
852 _aES-MaACL
_jB-2827
999 _c30317
_d30317